Understanding how land is exchanged: co-ordination mechanisms and transaction costs (Record no. 62580)

000 -LEADER
fixed length control field 00416pab a2200157 454500
008 - FIXED-LENGTH DATA ELEMENTS--GENERAL INFORMATION
fixed length control field 180718b2004 xxu||||| |||| 00| 0 eng d
100 ## - MAIN ENTRY--PERSONAL NAME
Personal name Needham, Barrie
245 ## - TITLE STATEMENT
Title Understanding how land is exchanged: co-ordination mechanisms and transaction costs
260 ## - PUBLICATION, DISTRIBUTION, ETC.
Date of publication, distribution, etc. 2004
300 ## - PHYSICAL DESCRIPTION
Extent p.2061-076.
362 ## - DATES OF PUBLICATION AND/OR SEQUENTIAL DESIGNATION
Dates of publication and/or sequential designation Sep
650 ## - SUBJECT ADDED ENTRY--TOPICAL TERM
Topical term or geographic name entry element Land use
700 ## - ADDED ENTRY--PERSONAL NAME
Personal name Kam, George de
773 ## - HOST ITEM ENTRY
Main entry heading Urban Studies
909 ## -
-- 62580
Holdings
Withdrawn status Lost status Damaged status Not for loan Permanent Location Current Location Date acquired Serial Enumeration / chronology Barcode Date last seen Price effective from Koha item type
        Indian Institute of Public Administration Indian Institute of Public Administration 2018-07-19 Volume no: 41, Issue no: 10 AR63030 2018-07-19 2018-07-19 Articles

Powered by Koha